Normale Ansicht MARC-Ansicht ISBD

Auftrag für die Oderpromenade ist vergeben. (Titelsatznr. 371737)

[ MARC ]
MARC-Details
000 -Satzkennung
Kontrollfeld mit fester Länge 00859nam a22001937a 4500
008 - Feld mit fester Länge zur physischen Beschreibung - Allgemeine Angaben
Kontrollfeld mit fester Länge 201127b ||||| |||| 00| 0 eng d
040 ## - Katalogisierungsquelle
Original-Katalogisierungsstelle DE-2950
Katalogisierungssprache ger
Übertragungsstelle DE-2950
Beschreibungsfestlegungen rda
041 ## - Sprachcode
Sprachcode des Textes/der Tonspur oder des separaten Titels ger
245 ## - Titel
Haupttitel Auftrag für die Oderpromenade ist vergeben.
Titelzusatz Millioneninvestition: Ein besserer Schutz vor Hochwasser, eine höhere Aufenthaltsqualität: Die seit Jahren geplanten Bauarbeiten an der nördlichen Oderpromenade können endlich beginnen. Am Donnerstag fand die Bauberatung statt /
Verantwortlichkeitsangabe Thomas Gutke
264 ## - Veröffentlichungsangabe, Vertriebsangabe, Herstellungsangabe
Erscheinungs-, Vertriebs-, Herstellungsdatum 2022
653 ## - Lokales Schlagwort
Nicht-normierter Term Frankfurt (Oder)
653 ## - Lokales Schlagwort
Nicht-normierter Term Oderpromenade
653 ## - Lokales Schlagwort
Nicht-normierter Term Hochwasserschutz
773 ## - Übergeordnete Einheit
Ort, Verlag und Erscheinungsjahr Frankfurt (Oder) Märkisches Verlags- und Druckhaus GmbH & Co KG
Titel Märkische Oderzeitung
Verknüpfungsangaben 33. Jahrgang (2022) Nr. 157 vom 08.07.2022, S. 15 : Foto
942 ## - Zusätzliche Felder (Koha)
Koha-Medientyp Aufsätze
Exemplare
Ausgeschieden Verloren Beschädigt Nicht entleihbar Permanenter Standort Aktueller Standort Aufstellungsort Eingabedatum Anzahl Ausleihen Signatur Letzte Aktivität Preis gültig von Medientyp
        Stadtarchiv Frankfurt (Oder) | Archivbibliothek Stadtarchiv Frankfurt (Oder) | Archivbibliothek Magazin 08/07/2022   Z2 08/07/2022 08/07/2022 Aufsätze